[Event "Druga liga Srbije grupa Vojvod"]
[Site "Sombor"]
[Date "2009.09.28"]
[Round "3.1"]
[White "Stanojevic, Branko"]
[Black "Dekic, Josip"]
[Result "1/2-1/2"]
[WhiteElo "2285"]
[BlackElo "2323"]
[PlyCount "41"]
[EventDate "2009.09.27"]

1. d4 Nf6 2. c4 g6 3. Nc3 d5 4. Nf3 Bg7 5. Qb3 dxc4 6. Qxc4 O-O 7. e4 a6 8. e5
b5 9. Qb3 Nfd7 10. Be3 c5 11. e6 c4 12. exf7+ Rxf7 13. Qd1 Bb7 14. a4 Rf5 15.
Be2 Nc6 16. Nh4 Rf8 17. axb5 axb5 18. Nxb5 Nb6 19. Nf3 Rxa1 20. Qxa1 Rf5 21. d5
1/2-1/2

[Event "Druga liga Srbije grupa Vojvod"]
[Site "Sombor"]
[Date "2009.09.28"]
[Round "3.1"]
[White "Jotic, Vladimir"]
[Black "Kolognat, Petar"]
[Result "0-1"]
[WhiteElo "2323"]
[BlackElo "2305"]
[PlyCount "78"]
[EventDate "2009.09.27"]

1. e4 e6 2. d3 d5 3. Nd2 c5 4. Ngf3 Nc6 5. g3 Be7 6. Bg2 Nf6 7. O-O O-O 8. Re1
a6 9. e5 Nd7 10. h4 b5 11. Nf1 Bb7 12. N1h2 Qb6 13. Bf4 Rac8 14. c3 b4 15. Ng5
Bxg5 16. hxg5 Ne7 17. Qh5 d4 18. c4 Ng6 19. Ng4 Kh8 20. Bxb7 Qxb7 21. Re4 Rg8
22. Bd2 Ndf8 23. Kg2 Qc6 24. b3 Qe8 25. a4 f5 26. exf6 Nf4+ 27. Rxf4 Qxh5 28.
Ne5 gxf6 29. Rxf6 Qe2 30. Bf4 Rg7 31. Rh1 Kg8 32. Rfh6 Re8 33. R1h4 Ng6 34.
Nxg6 hxg6 35. Bd6 e5 36. Rh8+ Kf7 37. Rxe8 Kxe8 38. Re4 Qxe4+ 39. dxe4 d3 0-1

[Event "Druga liga Srbije grupa Vojvod"]
[Site "Sombor"]
[Date "2009.09.28"]
[Round "3.1"]
[White "Bogic, Stevan"]
[Black "Strangar, Zlatko"]
[Result "0-1"]
[WhiteElo "2256"]
[BlackElo "2192"]
[PlyCount "98"]
[EventDate "2009.09.27"]

1. d4 Nf6 2. c4 g6 3. Nc3 Bg7 4. e4 d6 5. f3 O-O 6. Bg5 c5 7. d5 e6 8. Qd2 h6
9. Bf4 exd5 10. cxd5 a6 11. a4 Ne8 12. Nge2 Nd7 13. Ng3 Qh4 14. Be2 Ne5 15. O-O
b6 16. Be3 Nc7 17. Bf2 Qe7 18. h3 h5 19. Rfe1 Qd8 20. f4 Nd7 21. Bf3 Rb8 22.
Rab1 b5 23. b4 cxb4 24. Rxb4 a5 25. Rbb1 b4 26. Nce2 Nc5 27. Bxc5 dxc5 28. e5
h4 29. Ne4 Nxd5 30. Rbd1 Be6 31. Nxc5 Nc7 32. Qe3 Qe7 33. Rd6 Rfc8 34. Nd4 Nd5
35. Bxd5 Bxd5 36. Rc1 Ba8 37. Ndb3 Qa7 38. Ra6 Qe7 39. Nxa5 g5 40. e6 gxf4 41.
exf7+ Qxf7 42. Qf2 Qd5 43. Nab3 Rxc5 44. Rxc5 Qxb3 45. Rg5 Qe3 46. Qxe3 fxe3
47. Ra7 Bb7 48. Kf1 b3 49. Rb5 Bxg2+ 0-1

[Event "Druga liga Srbije grupa Vojvod"]
[Site "Sombor"]
[Date "2009.09.28"]
[Round "3.2"]
[White "Kotrla, Sebastijan"]
[Black "Toth, Aleksandar"]
[Result "0-1"]
[WhiteElo "2052"]
[BlackElo "2307"]
[PlyCount "70"]
[EventDate "2009.09.27"]

1. c4 e6 2. Nc3 d5 3. cxd5 exd5 4. d4 Nf6 5. g3 c6 6. Bg2 Be7 7. Nf3 Bf5 8. O-O
O-O 9. Ne5 h6 10. f3 Nbd7 11. e4 dxe4 12. fxe4 Be6 13. Nf3 Nb6 14. Bf4 Qc8 15.
Rc1 Bh3 16. d5 Bc5+ 17. Kh1 Qg4 18. Bxh3 Qxh3 19. Ng1 Bxg1 20. Kxg1 cxd5 21.
exd5 Rad8 22. Bc7 Rd7 23. Rxf6 Rxc7 24. Rf1 Rd7 25. Qf3 Rfd8 26. Rcd1 f6 27.
Rd4 Rd6 28. Rfd1 Qc8 29. Nb5 R6d7 30. Nxa7 Qc5 31. b4 Qc2 32. R1d2 Qa4 33. Qe3
Qxa7 34. Re4 Nc8 35. Rdd4 Nd6 0-1

[Event "Druga liga Srbije grupa Vojvod"]
[Site "Sombor"]
[Date "2009.09.28"]
[Round "3.2"]
[White "Munizaba, Slobodan"]
[Black "Kotrla, Stefan"]
[Result "1/2-1/2"]
[WhiteElo "2339"]
[BlackElo "1923"]
[PlyCount "42"]
[EventDate "2009.09.27"]

1. Nf3 Nf6 2. c4 e6 3. g3 b6 4. Bg2 Bb7 5. O-O Be7 6. Qc2 O-O 7. Nc3 d5 8. cxd5
Nxd5 9. Nxd5 exd5 10. d4 Nd7 11. Bf4 c5 12. dxc5 bxc5 13. Rfd1 Nf6 14. Ne5 Qc8
15. Rac1 d4 16. e3 Bxg2 17. Kxg2 Qb7+ 18. f3 Rac8 19. exd4 Nd5 20. dxc5 Bxc5
21. Qe4 Qxb2+ 1/2-1/2

[Event "Druga liga Srbije grupa Vojvod"]
[Site "Sombor"]
[Date "2009.09.28"]
[Round "3.4"]
[White "Tancik, Kristijan"]
[Black "Elez, Nikola"]
[Result "0-1"]
[WhiteElo "2251"]
[BlackElo "2179"]
[PlyCount "136"]
[EventDate "2009.09.27"]

1. d4 d6 2. c4 e5 3. d5 f5 4. e4 Nf6 5. exf5 Bxf5 6. Bd3 Bxd3 7. Qxd3 Be7 8.
Ne2 O-O 9. O-O Nbd7 10. Nbc3 a5 11. Ng3 Nc5 12. Qc2 c6 13. Be3 Na6 14. Nge4
Nxe4 15. Qxe4 c5 16. f4 Bf6 17. fxe5 Bxe5 18. Bf4 Re8 19. Bxe5 Rxe5 20. Qf4 Qe7
21. Rf3 Qf8 22. Qxf8+ Rxf8 23. Rxf8+ Kxf8 24. a3 Ke7 25. Kf2 Nc7 26. Rd1 Ne8
27. Rb1 Kd8 28. b4 cxb4 29. axb4 axb4 30. Rxb4 Kc8 31. Nb5 Rf5+ 32. Ke3 Rf6 33.
Rb2 Rf1 34. Kd4 Rd1+ 35. Kc3 Re1 36. Rf2 Re7 37. Kd4 Kd7 38. Ra2 Nc7 39. Nxc7
Kxc7 40. c5 dxc5+ 41. Kxc5 Re1 42. Rf2 Rc1+ 43. Kd4 Kd6 44. Rf7 Rd1+ 45. Kc4
Rc1+ 46. Kd4 Rc7 47. Rf8 Rc2 48. Rd8+ Kc7 49. Rg8 Rxg2 50. Ke5 b5 51. Ra8 b4
52. d6+ Kc6 53. Rc8+ Kd7 54. Rc7+ Kd8 55. h4 b3 56. Rb7 Re2+ 57. Kd5 b2 58. Kc6
Rc2+ 59. Kd5 g6 60. Ke6 Kc8 61. Rb4 Re2+ 62. Kd5 h6 63. Kc6 Rc2+ 64. Kd5 g5 65.
hxg5 hxg5 66. Ke6 g4 67. d7+ Kc7 68. Rd4 Re2+ 0-1

[Event "Druga liga Srbije grupa Vojvod"]
[Site "Sombor"]
[Date "2009.09.28"]
[Round "3.4"]
[White "Indjic, Aleksandar"]
[Black "Pletl, Akos"]
[Result "1-0"]
[WhiteElo "2119"]
[BlackElo "2219"]
[PlyCount "79"]
[EventDate "2009.09.27"]

1. Nf3 d5 2. d4 c6 3. c4 Nf6 4. cxd5 cxd5 5. Nc3 Nc6 6. Bf4 a6 7. e3 Bf5 8. Be2
e6 9. O-O Bd6 10. Bxd6 Qxd6 11. Rc1 O-O 12. Na4 Rac8 13. Nc5 Rc7 14. a3 a5 15.
Qb3 b6 16. Na4 Rb8 17. Bd3 Be4 18. Bxe4 Nxe4 19. Rc2 b5 20. Nc5 Nxc5 21. Rxc5
Na7 22. Rfc1 Rbc8 23. Qc3 Rxc5 24. dxc5 Qc7 25. b4 Rb8 26. bxa5 Nc6 27. a6 Qa7
28. Nd4 Qxa6 29. Rb1 Ne5 30. c6 Rc8 31. c7 Nc4 32. Nxb5 h6 33. Qb4 Kh7 34. Qc5
Qa5 35. h3 Nd2 36. Rc1 Nc4 37. Qc6 Qd2 38. Rf1 Qb2 39. Na7 Ne5 40. Qd6 1-0

[Event "Druga liga Srbije grupa Vojvod"]
[Site "Sombor"]
[Date "2009.09.28"]
[Round "3.4"]
[White "Subotic, Srbislav"]
[Black "Gabric, Goran"]
[Result "1/2-1/2"]
[WhiteElo "2105"]
[BlackElo "2116"]
[PlyCount "97"]
[EventDate "2009.09.27"]

1. e4 e5 2. Nf3 Nc6 3. d4 exd4 4. Nxd4 Bc5 5. Be3 Qf6 6. c3 Nge7 7. Bc4 O-O 8.
O-O a6 9. Nf5 Nxf5 10. Bxc5 d6 11. Ba3 Nh4 12. f3 Ne5 13. Nd2 Qg5 14. Qe2 Nhg6
15. Kh1 Nf4 16. Qf2 b5 17. Bd5 Nxd5 18. exd5 Nd3 19. Qd4 Qxd2 20. Rad1 Qe2 21.
Qxd3 Qxd3 22. Rxd3 Bf5 23. Re3 Rfe8 24. Rfe1 Kf8 25. Rxe8+ Rxe8 26. Rxe8+ Kxe8
27. Bb4 Bb1 28. a3 Ba2 29. Kg1 Bxd5 30. Kf2 Kd7 31. Ke3 Kc6 32. Ba5 Bc4 33. g3
Bd5 34. Kf4 f6 35. Ke3 Kb7 36. f4 f5 37. Kd4 Be4 38. Ke3 Kc6 39. Kd4 Kd7 40.
Ke3 g6 41. Bb4 c5 42. Ba5 Kc6 43. Bd8 d5 44. Bf6 Kc7 45. Be7 Kc6 46. Bf6 Kd7
47. Be5 a5 48. Bf6 Kc6 49. Bd8 1/2-1/2

[Event "Druga liga Srbije grupa Vojvod"]
[Site "Sombor"]
[Date "2009.09.28"]
[Round "3.4"]
[White "Cabarkapa, Novak"]
[Black "Cecaric, Milan"]
[Result "1-0"]
[WhiteElo "2033"]
[BlackElo "1945"]
[PlyCount "51"]
[EventDate "2009.09.27"]

1. e4 b6 2. d4 Bb7 3. Bd3 e6 4. Nf3 Nf6 5. Qe2 Nc6 6. c3 h6 7. O-O d5 8. e5 Nh7
9. Qc2 Ng5 10. Nxg5 hxg5 11. Qe2 Be7 12. Nd2 Qd7 13. Rd1 O-O-O 14. b4 f5 15. a4
g4 16. Nf1 a5 17. Bb5 axb4 18. a5 Kb8 19. Qa2 bxa5 20. Qa4 bxc3 21. Ba3 Bb4 22.
Bxb4 axb4 23. Rdb1 c2 24. Rxb4 Kc8 25. Qa8+ Bxa8 26. Rxa8+ 1-0

[Event "Druga liga Srbije grupa Vojvod"]
[Site "Sombor"]
[Date "2009.09.28"]
[Round "3.5"]
[White "Galyas, Miklos"]
[Black "Velickovic, Sasa"]
[Result "1/2-1/2"]
[WhiteElo "2464"]
[BlackElo "2420"]
[PlyCount "39"]
[EventDate "2009.09.27"]

1. d4 Nf6 2. c4 c5 3. d5 g6 4. Nc3 Bg7 5. e4 d6 6. Nf3 O-O 7. h3 Na6 8. Bd3 Nc7
9. O-O a6 10. a4 Rb8 11. Re1 e6 12. Bg5 h6 13. Bd2 exd5 14. exd5 b5 15. b3 Bd7
16. Qc2 Re8 17. Rxe8+ Bxe8 18. axb5 axb5 19. Ra7 b4 20. Ne2 1/2-1/2

[Event "Druga liga Srbije grupa Vojvod"]
[Site "Sombor"]
[Date "2009.09.28"]
[Round "3.5"]
[White "Andrijevic, Milan"]
[Black "Vlahovic, Bogdan"]
[Result "1/2-1/2"]
[WhiteElo "2377"]
[BlackElo "2368"]
[PlyCount "56"]
[EventDate "2009.09.27"]

1. e4 Nf6 2. e5 Nd5 3. d4 d6 4. Nf3 dxe5 5. Nxe5 c6 6. c4 Nf6 7. Nc3 g6 8. Be2
Bg7 9. O-O O-O 10. Be3 Nbd7 11. f4 Ne8 12. Qc2 Nd6 13. Rad1 Nf6 14. Bf3 Qc7 15.
Rfe1 Bf5 16. Qe2 Nde4 17. Nxe4 Bxe4 18. Bd2 Bxf3 19. Qxf3 Rfd8 20. Bc3 e6 21.
Qg3 Nd7 22. Ng4 Nf6 23. Ne5 Nd7 24. Nf3 Nf6 25. Qh4 Ne8 26. Ne5 Nd6 27. b3 Re8
28. Qf2 f5 1/2-1/2

[Event "Druga liga Srbije grupa Vojvod"]
[Site "Sombor"]
[Date "2009.09.28"]
[Round "3.5"]
[White "Radlovacki, Jovan"]
[Black "Mijatovic, Dejan"]
[Result "1/2-1/2"]
[WhiteElo "2379"]
[BlackElo "2283"]
[PlyCount "77"]
[EventDate "2009.09.27"]

1. e4 d6 2. d4 Nf6 3. Nc3 g6 4. Be3 Bg7 5. f3 c6 6. Qd2 h5 7. h4 b5 8. Nh3 a6
9. O-O-O Nbd7 10. e5 b4 11. Ne4 Nxe4 12. fxe4 dxe5 13. Qxb4 exd4 14. Bxd4 Bxd4
15. Qxd4 O-O 16. Ng5 Qc7 17. Bc4 Ne5 18. Qc3 Bg4 19. Rdf1 e6 20. Rf2 a5 21.
Rhf1 Rae8 22. a3 Re7 23. Be2 Bxe2 24. Rxe2 Rd8 25. Kb1 Red7 26. Ka2 Rd1 27.
Ref2 Rxf1 28. Rxf1 Rd7 29. Rf2 c5 30. Rd2 Rxd2 31. Qxd2 c4 32. Qd4 Kf8 33. Nh3
Ke7 34. Ng1 Kf8 35. Ne2 Ke7 36. Nc3 Nd7 37. Qd2 Qe5 38. Qe2 Qc5 39. g4 1/2-1/2

[Event "Druga liga Srbije grupa Vojvod"]
[Site "Sombor"]
[Date "2009.09.28"]
[Round "3.5"]
[White "Sevo, Dusan"]
[Black "Kostic, Vladimir V"]
[Result "1/2-1/2"]
[WhiteElo "2268"]
[BlackElo "2296"]
[PlyCount "111"]
[EventDate "2009.09.27"]

1. e4 c5 2. Nf3 Nc6 3. d4 cxd4 4. Nxd4 g6 5. Nc3 Bg7 6. Be3 Nf6 7. f3 O-O 8.
Qd2 d5 9. O-O-O dxe4 10. Nxc6 Qxd2+ 11. Bxd2 bxc6 12. Nxe4 Nxe4 13. fxe4 Bg4
14. Re1 Rfd8 15. Bd3 Be6 16. b3 a5 17. Bg5 Bc3 18. Bd2 Be5 19. g3 a4 20. Bf4
Bxf4+ 21. gxf4 axb3 22. axb3 Bxb3 23. Kb2 Ba4 24. Ra1 Rab8+ 25. Kc3 Bb5 26. Ra7
Kf8 27. h4 Bxd3 28. cxd3 Rb5 29. h5 Rxh5 30. Rxh5 gxh5 31. Ra5 h6 32. Rxh5 Kg7
33. Kc4 Ra8 34. Rh3 Ra1 35. Kd4 Rc1 36. Rg3+ Kh7 37. Rh3 c5+ 38. Ke3 Rc2 39.
Rh1 e6 40. Kf3 c4 41. dxc4 Rxc4 42. Rh2 Rc3+ 43. Kg4 Re3 44. e5 Kg6 45. Rh1 Ra3
46. Rh2 Ra1 47. Kf3 Rg1 48. Kf2 Rg4 49. Kf3 h5 50. Rh1 Kh6 51. Rh2 Rg8 52. Rh1
Ra8 53. Rh2 Ra3+ 54. Ke4 Rg3 55. Rh1 Rg4 56. Kf3 1/2-1/2

[Event "Druga liga Srbije grupa Vojvod"]
[Site "Sombor"]
[Date "2009.09.28"]
[Round "3.5"]
[White "Orlov, Konstantin"]
[Black "Varga, Damir"]
[Result "1-0"]
[WhiteElo "2267"]
[BlackElo "2134"]
[PlyCount "69"]
[EventDate "2009.09.27"]

1. d4 Nf6 2. c4 g6 3. Nc3 Bg7 4. e4 d6 5. Be2 O-O 6. Nf3 e5 7. O-O Nc6 8. d5
Ne7 9. b4 a5 10. bxa5 Rxa5 11. Nd2 c5 12. dxc6 bxc6 13. Nb3 Ra8 14. Bg5 Qc7 15.
Qd2 Be6 16. Rfc1 Rfd8 17. Bxf6 Bxf6 18. Nd5 Bxd5 19. cxd5 c5 20. a4 Kg7 21. a5
h6 22. Qc3 Rdb8 23. a6 Bg5 24. Rc2 f5 25. f3 fxe4 26. fxe4 Qb6 27. Bc4 Qb4 28.
Rf1 Qxc3 29. Rxc3 Nc8 30. g3 Nb6 31. Be2 c4 32. h4 Bd8 33. Rcf3 Ra7 34. Na5 Rc8
35. Nb7 1-0

[Event "Druga liga Srbije grupa Vojvod"]
[Site "Sombor"]
[Date "2009.09.28"]
[Round "3.6"]
[White "Svetushkin, Dmitry"]
[Black "Somborski, Nebojsa"]
[Result "1/2-1/2"]
[WhiteElo "2570"]
[BlackElo "2379"]
[PlyCount "65"]
[EventDate "2009.09.27"]

1. d4 d5 2. c4 e6 3. Nf3 Nf6 4. Nc3 Be7 5. Bf4 O-O 6. e3 Nbd7 7. c5 c6 8. Bd3
b6 9. b4 a5 10. a3 Ba6 11. O-O Qc8 12. h3 Qb7 13. Qc2 Bxd3 14. Qxd3 b5 15. Qc2
Ra6 16. Nd2 Rfa8 17. Rae1 axb4 18. axb4 Bd8 19. f3 Nh5 20. Bd6 Bh4 21. Rd1 Ng3
22. Bxg3 Bxg3 23. f4 Bh4 24. Nf3 Be7 25. g4 Ra3 26. g5 f5 27. gxf6 Bxf6 28. Kh1
Nf8 29. Ne5 Bxe5 30. fxe5 Qc7 31. Rf3 Ng6 32. e4 Nh4 33. Rg3 1/2-1/2

[Event "Druga liga Srbije grupa Vojvod"]
[Site "Sombor"]
[Date "2009.09.28"]
[Round "3.6"]
[White "Klasan, Vladimir"]
[Black "Vukic, Radivoj"]
[Result "1/2-1/2"]
[WhiteElo "2320"]
[BlackElo "2350"]
[PlyCount "40"]
[EventDate "2009.09.27"]

1. e4 c6 2. d4 d5 3. Nc3 dxe4 4. Nxe4 Bf5 5. Ng3 Bg6 6. h4 h6 7. Nf3 Nd7 8. h5
Bh7 9. Bd3 Bxd3 10. Qxd3 e6 11. Bf4 Qa5+ 12. Bd2 Bb4 13. c3 Be7 14. c4 Qc7 15.
O-O-O Ngf6 16. Rhe1 O-O 17. Kb1 a5 18. Qc2 Bb4 19. Ne5 Bxd2 20. Rxd2 Rad8
1/2-1/2

[Event "Druga liga Srbije grupa Vojvod"]
[Site "Sombor"]
[Date "2009.09.28"]
[Round "3.6"]
[White "Strbac, Mladen"]
[Black "Nestorovic, Lazar"]
[Result "1/2-1/2"]
[WhiteElo "2259"]
[BlackElo "2259"]
[PlyCount "23"]
[EventDate "2009.09.27"]

1. e4 c5 2. Nf3 e6 3. d4 cxd4 4. Nxd4 Nf6 5. Nc3 d6 6. g3 Be7 7. Bg2 O-O 8. O-O
a6 9. h3 Qc7 10. a4 Nc6 11. Nde2 b6 12. f4 1/2-1/2

[Event "Druga liga Srbije grupa Vojvod"]
[Site "Sombor"]
[Date "2009.09.28"]
[Round "3.1"]
[White "Balog, Imre"]
[Black "Vujadinovic, Goran"]
[Result "1-0"]
[WhiteElo "2464"]
[BlackElo "2367"]
[PlyCount "95"]
[EventDate "2009.09.27"]

1. d4 d6 2. Nf3 g6 3. g3 Bg7 4. Bg2 Nd7 5. O-O e5 6. c4 Nh6 7. e4 O-O 8. Nc3 f6
9. Qc2 c6 10. h3 f5 11. d5 f4 12. dxc6 bxc6 13. Rd1 Qe7 14. Qd2 Nf7 15. b3 g5
16. Ba3 Nc5 17. b4 Ne6 18. b5 c5 19. Nd5 Qd8 20. Bb2 h5 21. Ne1 Nd4 22. Bxd4
exd4 23. gxf4 gxf4 24. Qxf4 Ng5 25. Qh2 d3 26. f4 Bxa1 27. Rxa1 d2 28. Nc2 Ne6
29. Qg3+ Kh7 30. f5 Qg5 31. Qxd6 Rg8 32. Nce3 Nd4 33. h4 Qg3 34. Nf6+ Kh8 35.
Qxg3 Rxg3 36. Kf2 Rxe3 37. Kxe3 Nc2+ 38. Kxd2 Nxa1 39. e5 Rb8 40. e6 Bxe6 41.
fxe6 Kg7 42. Nd7 Re8 43. Bd5 Kg6 44. Kc3 Kf5 45. Kb2 Re7 46. Kxa1 Kg4 47. Ne5+
Kf5 48. Nc6 1-0

[Event "Druga liga Srbije grupa Vojvod"]
[Site "Sombor"]
[Date "2009.09.28"]
[Round "3.2"]
[White "Bogosavljevic, Boban"]
[Black "Cirjanic, Velibor"]
[Result "1-0"]
[WhiteElo "2528"]
[BlackElo "2186"]
[PlyCount "39"]
[EventDate "2009.09.27"]

1. Nf3 Nf6 2. c4 c6 3. g3 d5 4. Bg2 Bf5 5. cxd5 cxd5 6. Qb3 Qc7 7. Nc3 e6 8. d3
a6 9. Bf4 Qe7 10. Nd4 Bg6 11. Bxb8 Rxb8 12. Nc6 Qc7 13. Nxb8 Qxb8 14. O-O Bd6
15. e4 dxe4 16. Nxe4 Nxe4 17. Bxe4 Bxe4 18. dxe4 h5 19. Rac1 h4 20. Rfd1 1-0

[Event "Druga liga Srbije grupa Vojvod"]
[Site "Sombor"]
[Date "2009.09.28"]
[Round "3.4"]
[White "Guzsvany, Arpad"]
[Black "Pezelj, Sinisa"]
[Result "0-1"]
[WhiteElo "2130"]
[BlackElo "2057"]
[PlyCount "70"]
[EventDate "2009.09.27"]

1. d4 d6 2. c4 c6 3. Nc3 g6 4. e4 Bg7 5. Nf3 e5 6. Be3 Nd7 7. Qd2 Ne7 8. Be2
O-O 9. O-O f5 10. dxe5 dxe5 11. Bh6 f4 12. Bxg7 Kxg7 13. Rad1 Qe8 14. Qd6 Ng8
15. Rd2 Rf6 16. Qc7 Rf7 17. Rfd1 Re7 18. Qd6 Ngf6 19. b4 Nf8 20. h3 Re6 21. Qd3
h6 22. Qc2 g5 23. c5 Re7 24. Nh2 Ne6 25. Bf3 Nd4 26. Qd3 Qg6 27. Ng4 Bxg4 28.
Bxg4 Nxg4 29. hxg4 f3 30. Qf1 Qe6 31. Re1 Qxg4 32. Rd3 Rf8 33. g3 h5 34. Kh2 h4
35. Qh3 hxg3+ 0-1

[Event "Druga liga Srbije grupa Vojvod"]
[Site "Sombor"]
[Date "2009.09.28"]
[Round "3.5"]
[White "Vlatkovic, Milos"]
[Black "Popovic, Milos T"]
[Result "1/2-1/2"]
[WhiteElo "2302"]
[BlackElo "2401"]
[PlyCount "47"]
[EventDate "2009.09.27"]

1. d4 Nf6 2. c4 e6 3. Nc3 Bb4 4. Qc2 c5 5. dxc5 Bxc5 6. Nf3 Qb6 7. e3 Qc7 8. a3
a6 9. Bd3 b6 10. b4 Be7 11. Bb2 Bb7 12. Rc1 d6 13. O-O Nbd7 14. Ne4 Nxe4 15.
Bxe4 Bxe4 16. Qxe4 O-O 17. Rfd1 Bf6 18. Bxf6 Nxf6 19. Qf4 Rfd8 20. e4 Rac8 21.
h3 h6 22. Qe3 Nd7 23. Qf4 Nf6 24. Qe3 1/2-1/2

[Event "Druga liga Srbije grupa Vojvod"]
[Site "Sombor"]
[Date "2009.09.28"]
[Round "3.6"]
[White "Bodiroga, Predrag"]
[Black "Djuric, Stefan"]
[Result "1/2-1/2"]
[WhiteElo "2410"]
[BlackElo "2414"]
[PlyCount "34"]
[EventDate "2009.09.27"]

1. d4 Nf6 2. c4 g6 3. Nc3 Bg7 4. e4 O-O 5. f3 c6 6. Be3 d5 7. e5 Ne8 8. Qb3 Nc7
9. cxd5 Nxd5 10. Nxd5 cxd5 11. Bd3 Nc6 12. Ne2 Na5 13. Qb4 f6 14. f4 Bf5 15.
Bxf5 gxf5 16. b3 e6 17. O-O Rf7 1/2-1/2

[Event "Druga liga Srbije grupa Vojvod"]
[Site "Sombor"]
[Date "2009.09.28"]
[Round "3.6"]
[White "Nestorovic, Nikola"]
[Black "Lalic, Dragan"]
[Result "1-0"]
[WhiteElo "2412"]
[BlackElo "2353"]
[PlyCount "87"]
[EventDate "2009.09.27"]

1. e4 c5 2. Nf3 Nc6 3. d4 cxd4 4. Nxd4 g6 5. Nc3 Bg7 6. Be3 Nf6 7. Bc4 O-O 8.
Bb3 a5 9. O-O a4 10. Nxa4 Nxe4 11. Nb5 d6 12. Qe2 Nf6 13. c4 Bg4 14. f3 Bd7 15.
Bb6 Qc8 16. Bf2 Ra6 17. Rac1 Na5 18. Nb6 Qc6 19. Nxd7 Nxd7 20. Qxe7 Nc5 21.
Rcd1 Ncxb3 22. axb3 Nxb3 23. Nxd6 b6 24. Qe3 Qa4 25. Rd3 Na5 26. b3 Qa2 27.
Rfd1 Qc2 28. Re1 Nc6 29. Rd2 Qc3 30. Nb5 Qb4 31. Red1 Ra1 32. Rxa1 Bxa1 33. Ra2
Be5 34. Ra4 Qc5 35. Qxc5 bxc5 36. Bxc5 Rd8 37. g3 Rd1+ 38. Kf2 Rd2+ 39. Ke3
Rxh2 40. f4 Bb2 41. Ra6 Nd8 42. Ra8 Bc1+ 43. Kf3 Rd2 44. Bd4 1-0

[Event "Druga liga Srbije grupa Vojvod"]
[Site "Sombor"]
[Date "2009.09.28"]
[Round "3.6"]
[White "Damjanovic, Dragan"]
[Black "Kosanovic, Goran A"]
[Result "0-1"]
[WhiteElo "2255"]
[BlackElo "2371"]
[PlyCount "88"]
[EventDate "2009.09.27"]

1. d4 Nf6 2. c4 c5 3. d5 e5 4. Nc3 d6 5. e4 Be7 6. Nf3 O-O 7. Bd3 Nbd7 8. O-O
Ne8 9. a3 g6 10. Bh6 Ng7 11. Qd2 Nf6 12. h3 Kh8 13. Nh2 Ng8 14. Bxg7+ Kxg7 15.
f4 exf4 16. Qxf4 Bf6 17. Nf3 Bxc3 18. bxc3 f6 19. Ra2 Nh6 20. Raf2 Nf7 21. Kh2
Bd7 22. g4 Qe7 23. Kg3 h6 24. Qd2 Ne5 25. Kg2 Rae8 26. Nxe5 fxe5 27. Kg3 g5 28.
Rxf8 Rxf8 29. Rxf8 Qxf8 30. Kg2 Qf4 31. Qxf4 gxf4 32. Be2 h5 33. gxh5 Kh6 34.
Bg4 Be8 35. Kf2 Bxh5 36. Bc8 b6 37. Bd7 Kg5 38. Ba4 Kh4 39. Bd7 Bd1 40. Bc8 Bc2
41. Bf5 Bd3 42. Kg2 Bxc4 43. Kf2 Bd3 44. Kg2 b5 0-1